000 00687nam a2200217Ii 4500
003 JO-AjNU
008 230605s9999||||xx |||||||||||||| ||und||
017 _a2007/13571
020 _a977-287-762
040 _aJO-AjNU
_bara
_erda
_cJO-AjNU
041 _aara
050 1 4 _aQA76.2008
100 3 _aعبدالحافظ,محمد كامل,
_eauthor
_927891
245 0 0 _aتعلم واحترف فوتوشوب 10
264 3 1 _aالقاهرة:دار الكتب العلمية,2008
300 _a636ص
336 _atext
_btxt
_2rdacontent
337 _aunmediated
_bn
_2rdamedia
338 _avolume
_bnc
_2rdacarrier
650 4 _aالحاسبات الالكترونية -لغات
_927892
999 _aA10752
_c14320
_d14320